000 00215 a2200097 4500
001 29488
100 _aHamlyn
245 _aEncyclopedia of the world combat aircraft
260 _a
_bHamly
_c
090 _c19670
_d19670
942 _aNUST-CAE
_cM
_c10747
999 _c264561
_d264561